Psicología de la educación: corrientes actuales y teorías aplicadas
Wedi'i Gadw mewn:
| Prif Awdur: | |
|---|---|
| Fformat: | Llyfr |
| Iaith: | Sbaeneg |
| Cyhoeddwyd: |
Ciudad de México
Trillas
1991
|
| Pynciau: | |
| Tagiau: |
Ychwanegu Tag
Dim Tagiau, Byddwch y cyntaf i dagio'r cofnod hwn!
|
MARC
| LEADER | 00000cam a2200000 a 4500 | ||
|---|---|---|---|
| 001 | UCX7303 | ||
| 003 | CL-VaPUC | ||
| 008 | 931204e19910000MX |||||||||||||||||spa|d | ||
| 020 | |a 9789682439179 | ||
| 082 | 0 | 4 | |a 370.15 |b HER |2 21 |
| 100 | |a Hernández Hernández, Pedro |e author |9 414491 | ||
| 245 | 1 | 0 | |a Psicología de la educación: corrientes actuales y teorías aplicadas |
| 300 | |a 511 p | ||
| 942 | |c BK | ||
| 945 | |d 19931204 00:00:00 |a rbrito | ||
| 260 | |a Ciudad de México |b Trillas |c 1991 | ||
| 650 | 0 | |a Psicología del aprendizaje |9 306854 | |
| 583 | |a last modification |c 20160726 01:56:51 |k Rodrigo Vera | ||
| 999 | |c 227158 |d 227156 | ||
| 952 | |0 0 |1 0 |4 0 |6 370_150000000000000_HER_1991 |7 0 |8 A |9 225974 |a BIBEDU |b BIBEDU |d 2019-11-15 |i 2944596 |o 370.15 HER 1991 |p 2944596 |r 2019-11-15 |w 2019-11-15 |y BK |k EDU | ||
| 952 | |0 0 |1 0 |4 0 |6 370_150000000000000_HER_1991 |7 0 |8 A |9 225975 |a BIBEDU |b BIBEDU |d 2019-11-15 |i 4435249 |o 370.15 HER 1991 |p 4435249 |r 2019-11-15 |w 2019-11-15 |y BK |k EBA | ||